|
|
|
|
| LEADER |
00000cab a2200000 ar4500 |
| 001 |
vtls009088613 |
| 003 |
SK-MaSNL |
| 005 |
20260303063620.0 |
| 008 |
180405c2006 xo er|p|||||||000 b|slo |
| 038 |
|
|
|a PPPK
|
| 040 |
|
|
|a PPPKCL
|b slo
|c PPPKCL
|e AACR2
|
| 041 |
0 |
|
|a slo
|
| 044 |
|
|
|a xo
|c SK
|
| 080 |
|
|
|a 94(437.67)
|x "1939/1945"
|2 1997
|
| 080 |
|
|
|a 355.48
|x (437.67)
|2 1997
|
| 100 |
1 |
|
|a Komárnický, Ivan,
|d 1917-2008
|4 aut
|9 183736
|
| 245 |
1 |
0 |
|a Pri 61. výročí oslobodenia Kežmarku si spomíname na boje, útrapy, prehry a víťazstva
|c Pplk. v.v. Ivan Komárnický
|
| 650 |
0 |
7 |
|a druhá svetová vojna (1939-1945)
|2 pppkcl
|9 169657
|
| 651 |
|
7 |
|a Kežmarok (Slovensko)
|2 pppkcl
|9 26808
|
| 773 |
0 |
|
|t Kežmarok
|g Roč. XIV, č. 2 (2006), s. 10
|
| 852 |
|
|
|a PPPK
|b KIS3GCP
|
| 856 |
|
|
|a www.kezmarok.sk
|
| 999 |
|
|
|c 1743739
|d 1745669
|